000 00440nam a22001697a 4500
003 CEME
005 20210628205611.0
008 210308b xxu||||| |||| 00| 0 eng d
020 _a81-87105-73-9
040 _c.
082 _a005.7565 NEI'O
100 _aDakin, John Neil, Bonnie.Oschrader, Michael
_976206
245 _aOracle data warehousing unleashed
260 _aNEW DELHI
_bTECHMEDIA
_c1997
300 _a699P
942 _cBK
_2ddc
999 _c581610
_d581610